| 000 | 00682nam a2200217 i 4500 | ||
|---|---|---|---|
| 001 | 169528 | ||
| 003 | ES-MaACL | ||
| 005 | 20250612184448.0 | ||
| 008 | 081009s1948 sp a |||| | spa d | ||
| 080 | _a821.134.2-311.5"19" | ||
| 100 | 1 |
_aMingote, Antonio, _d1919-2012 _9240761 |
|
| 245 | 1 | 4 |
_aLas palmeras de cartón / _cÁngel Antonio Mingote ; dibujos de Lorenzo Goñi. |
| 250 | _a1ª ed. | ||
| 260 |
_aMadrid : _bClan Libr., _c1948 ( _fAga) |
||
| 300 |
_a189 p. : _bil. ; _c17 cm. |
||
| 490 | 1 | _aEl lagarto al sol | |
| 700 | 1 |
_aGoñi, Lorenzo, _d1911-1992 _959083 |
|
| 830 | 0 |
_aEl lagarto al sol _9188864 |
|
| 852 |
_aES-MaACL _jE-493 |
||
| 999 |
_c169528 _d169528 |
||